| Поле | Инд. | ПП | Название | Значение |
|---|---|---|---|---|
| Тип записи | a | |||
| Библиографический уровень | a | |||
| 001 | Контрольный номер | RU/REP/BASE/00008346 | ||
| 005 | Дата корректировки | 20181104132001.8 | ||
| 200 | 1_ | a | Заглавие | К вопросу о защите личности и прав обороняющегося или других лиц, охраняемых законом интересов общества или государства от общественно опасного посягательства |
| f | Первые сведения об ответственности | Гришин А.В.,Селютина О.Г. | ||
| b | Общее обозначение материала | Текст | ||
| 210 | 1_ | d | Дата издания | 2015 |
| 461 | _0 | 1 | 001RU/REP/BASE/00010629 | |
| 1 | 2001 | |||
| a | Закон и право | |||
| 463 | _1 | 1 | 20002 | |
| a | №2. | |||
| v | С. 57-61 | |||
| 1 | 2101 | |||
| d | 2015 | |||
| 610 | 0_ | a | Ключевые слова | УГОЛОВНОЕ ПРАВО РФ, СУБЪЕКТЫ РФ, ПРИЧИНЕНИЕ ВРЕДА, УМЫСЕЛ, НЕОБХОДИМАЯ ОБОРОНА |
| 700 | _1 | a | Фамилия | Гришин |
| b | Имя | А.В. | ||
| 701 | _1 | a | Фамилия | Селютина |
| b | Имя | О.Г. | ||
| 901 | t | Тип документа | b | |
| w | Контрольный № источника | c9456fe3d2444746986eb94e0eb62037 |